[Event "M.Botvinnik Memorial 2012"]
[Site "St. Petersburg, Russia"]
[Date "2012.09.02"]
[Round "9.41"]
[White "Solovjova, Valentina"]
[Black "Romanko, Marina"]
[Result "1/2-1/2"]
[WhiteElo "2175"]
[BlackElo "2399"]
[PlyCount "92"]
[EventDate "2012.08.25"]

1. e4 c6 2. d4 d5 3. Nc3 dxe4 4. Nxe4 Bf5 5. Ng3 Bg6 6. h4 h6 7. Nf3 Nd7 8. h5
Bh7 9. Bd3 Bxd3 10. Qxd3 e6 11. Bd2 Ngf6 12. O-O-O Be7 13. Qe2 O-O 14. Nf1 Nb6
15. Kb1 Qd5 16. Ne3 Qe4 17. Rh4 Qh7 18. g4 Ne4 19. Rhh1 Nxd2+ 20. Qxd2 Qe4 21.
Ne5 c5 22. f3 Qxd4 23. Qxd4 cxd4 24. Rxd4 Bf6 25. Re4 Rfd8 26. Nd3 Bd4 27. Rd1
Kf8 28. c3 Bxe3 29. Rxe3 Rac8 30. Kc2 Nd5 31. Re4 b5 32. Nf4 Nb6 33. Rxd8+ Rxd8
34. b3 Ke7 35. Rb4 Nd5 36. Nxd5+ Rxd5 37. a4 a6 38. axb5 axb5 39. c4 bxc4 40.
Rxc4 g6 41. hxg6 fxg6 42. b4 h5 43. gxh5 gxh5 44. Rf4 Kd6 45. Kc3 Kc6 46. Rf6
Kd6 1/2-1/2

[Event "M.Botvinnik Memorial 2012"]
[Site "St. Petersburg, Russia"]
[Date "2012.09.02"]
[Round "9.42"]
[White "Van Den Ouden, Lendert"]
[Black "Rozhko, Dmitry"]
[Result "1/2-1/2"]
[WhiteElo "2000"]
[BlackElo "2388"]
[PlyCount "116"]
[EventDate "2012.08.25"]

1. d4 d5 2. Nf3 Nf6 3. c4 c6 4. cxd5 cxd5 5. Nc3 Nc6 6. Bf4 Bf5 7. e3 e6 8. a3
Be7 9. Bd3 Bxd3 10. Qxd3 O-O 11. Bg5 Na5 12. Nd2 Rc8 13. O-O Nc4 14. Nxc4 dxc4
15. Qe2 a6 16. Rfc1 b5 17. Bxf6 Bxf6 18. a4 Qb6 19. axb5 axb5 20. Ne4 Be7 21.
Ra2 Ra8 22. Rca1 Rxa2 23. Rxa2 Rc8 24. Nd2 Qc7 25. Ra1 b4 26. Rc1 c3 27. bxc3
bxc3 28. Ne4 Qa5 29. Qd3 Bb4 30. h3 h6 31. Rc2 Qa4 32. Kh2 Qb3 33. Nd2 Qd5 34.
f4 Ra8 35. Ne4 Qb3 36. Nc5 Qa3 37. Qc4 Qa5 38. Nd3 Bd6 39. Rxc3 g5 40. Ne5 Bxe5
41. fxe5 Qa1 42. Rc1 Qb2 43. Rc2 Qb1 44. Qc7 Qe1 45. Qc3 Ra1 46. Qxe1 Rxe1 47.
Rc3 h5 48. Kg3 Kg7 49. Kf2 Rd1 50. Rc7 Kg6 51. Rd7 Rd2+ 52. Kf3 Rd1 53. e4 Rd3+
54. Ke2 Ra3 55. d5 Ra2+ 56. Kf3 Ra3+ 57. Kf2 Ra2+ 58. Kf3 Ra3+ 1/2-1/2

[Event "M.Botvinnik Memorial 2012"]
[Site "St. Petersburg, Russia"]
[Date "2012.09.02"]
[Round "9.43"]
[White "Solovjov, Sergey I"]
[Black "Gorjunov, Sergey"]
[Result "1-0"]
[WhiteElo "2365"]
[BlackElo "2128"]
[PlyCount "75"]
[EventDate "2012.08.25"]

1. e4 c5 2. Nf3 d6 3. d4 cxd4 4. Nxd4 Nf6 5. Nc3 g6 6. Be3 Bg7 7. f3 O-O 8. Qd2
Nc6 9. Bc4 Bd7 10. Bb3 Qa5 11. O-O-O Rfc8 12. h4 Ne5 13. g4 Rc4 14. g5 Nh5 15.
f4 Rxd4 16. Qxd4 Ng4 17. e5 Ng3 18. Rhe1 Nf5 19. Qd5 Qxd5 20. Nxd5 e6 21. Bg1
exd5 22. Bxd5 dxe5 23. Bxb7 Rd8 24. Bc6 Nd4 25. Bxd7 Rxd7 26. fxe5 Bxe5 27.
Rxe5 Nxe5 28. Rxd4 a6 29. Rxd7 Nxd7 30. Kd2 f5 31. gxf6 Nxf6 32. Kc3 Kf7 33.
Kb4 Ke6 34. Ka5 Nd5 35. c4 Nc7 36. Kb6 Kd7 37. Kb7 a5 38. c5 1-0

[Event "M.Botvinnik Memorial 2012"]
[Site "St. Petersburg, Russia"]
[Date "2012.09.02"]
[Round "9.44"]
[White "Aminov, Andrey"]
[Black "Bogachkov, Igor"]
[Result "1/2-1/2"]
[WhiteElo "2142"]
[BlackElo "2356"]
[PlyCount "103"]
[EventDate "2012.08.25"]

1. e4 c5 2. Nf3 Nc6 3. Bb5 g6 4. Bxc6 dxc6 5. d3 Bg7 6. h3 e5 7. Be3 Qe7 8.
Nbd2 Nf6 9. O-O Nh5 10. a3 Nf4 11. b4 Ne6 12. Nc4 f6 13. bxc5 Nxc5 14. Qe1 b6
15. Qc3 O-O 16. a4 Ne6 17. Rfb1 Bd7 18. Nfd2 Rfc8 19. Nb3 Bf8 20. Bxb6 axb6 21.
Nxb6 Nf4 22. Kf1 Kh8 23. a5 Ra6 24. Nc5 Qxc5 25. Qxc5 Bxc5 26. Nxc8 Ne6 27. Rb8
Nf8 28. Nb6 Be6 29. Ra8 Rxa8 30. Nxa8 Bc8 31. Rb1 Ba7 32. Nb6 Ba6 33. Nc4 Ne6
34. g3 Kg7 35. Kg2 Kf7 36. Nb6 Ke7 37. Rd1 Kd6 38. c3 Kc7 39. d4 exd4 40. cxd4
Bxb6 41. axb6+ Kxb6 42. d5 cxd5 43. Rxd5 Kc7 44. f3 Bb7 45. Ra5 Kd6 46. Ra7 Nd8
47. Kf2 h5 48. h4 Ke6 49. Ke3 f5 50. exf5+ Kxf5 51. g4+ hxg4 52. Ra5+ 1/2-1/2

[Event "M.Botvinnik Memorial 2012"]
[Site "St. Petersburg, Russia"]
[Date "2012.09.02"]
[Round "9.45"]
[White "Krivenko, Sergey"]
[Black "Shulakova, Svetlana"]
[Result "1/2-1/2"]
[WhiteElo "2347"]
[BlackElo "2123"]
[PlyCount "114"]
[EventDate "2012.08.25"]

1. d4 d5 2. c4 c6 3. Nf3 Nf6 4. e3 e6 5. b3 Nbd7 6. Bb2 Bd6 7. Bd3 O-O 8. Nbd2
Qe7 9. Ne5 Ba3 10. Bxa3 Qxa3 11. O-O a5 12. Qc2 Qe7 13. f4 h6 14. Rae1 a4 15.
Qd1 axb3 16. axb3 c5 17. Rf2 b6 18. g4 Bb7 19. h4 Nxe5 20. dxe5 Ne4 21. Bxe4
dxe4 22. g5 g6 23. gxh6 Qxh4 24. Nf1 Rfd8 25. Qe2 Kh7 26. Nh2 Kxh6 27. Nf1 Kg7
28. Rh2 Qe7 29. Qg4 Rh8 30. Ree2 Rxh2 31. Rxh2 Rh8 32. Rxh8 Kxh8 33. Qg5 Qxg5+
34. fxg5 Kg7 35. Nd2 Bc6 36. Kf2 Kf8 37. Ke1 Ke7 38. Kd1 Kd7 39. Kc2 Kc7 40.
Kc3 Kb7 41. b4 Kc7 42. Nb3 cxb4+ 43. Kxb4 Kd7 44. Nd4 Kc7 45. Nc2 Kd7 46. Na3
Kc7 47. Kc3 Ba4 48. Nb1 Bc6 49. Kd4 Kb7 50. Nc3 Ka6 51. Nd1 Ka5 52. Nf2 b5 53.
Kc5 bxc4 54. Kxc4 Kb6 55. Ng4 Kc7 56. Kc5 Ba4 57. Kb4 Be8 1/2-1/2

[Event "M.Botvinnik Memorial 2012"]
[Site "St. Petersburg, Russia"]
[Date "2012.09.02"]
[Round "9.46"]
[White "Biriukov, Oleg V"]
[Black "Tkachev, Ivan"]
[Result "1-0"]
[WhiteElo "2332"]
[BlackElo "2117"]
[PlyCount "89"]
[EventDate "2012.08.25"]

1. d4 d5 2. c4 e6 3. Nc3 Nf6 4. cxd5 exd5 5. Bg5 c6 6. Qc2 Bb4 7. e3 Qe7 8. Bd3
h6 9. Bh4 c5 10. a3 Bxc3+ 11. Qxc3 c4 12. Bb1 b5 13. Ne2 a5 14. O-O Nc6 15. b3
b4 16. Qc1 g5 17. Bg3 Ba6 18. axb4 Qxb4 19. bxc4 Bxc4 20. Ba2 Ne4 21. Bxc4 Qxc4
22. Qxc4 dxc4 23. Rfc1 O-O 24. Rxc4 Nb4 25. Nc3 Nd2 26. Rc7 Rfc8 27. h3 Rd8 28.
Ra3 Nd5 29. Nxd5 Rxd5 30. Rc2 Ne4 31. Bc7 Rc8 32. Raa2 Rb5 33. f3 Nf6 34. e4 h5
35. d5 g4 36. h4 Kh7 37. Kf2 Ne8 38. Be5 Rxc2+ 39. Rxc2 f6 40. Rc8 fxe5 41.
Rxe8 a4 42. d6 Rb2+ 43. Kg3 Rd2 44. Rxe5 Kg6 45. Rg5+ 1-0

[Event "M.Botvinnik Memorial 2012"]
[Site "St. Petersburg, Russia"]
[Date "2012.09.02"]
[Round "9.47"]
[White "Donskov, Anatoly"]
[Black "Rupel, David G"]
[Result "1-0"]
[WhiteElo "2328"]
[BlackElo "2100"]
[PlyCount "63"]
[EventDate "2012.08.25"]

1. e4 c6 2. d4 d5 3. e5 g6 4. h4 h5 5. Nf3 Bg4 6. Be2 e6 7. Nbd2 Be7 8. c3 Nd7
9. g3 Nh6 10. Nf1 Nf5 11. Ne3 Nxe3 12. Bxe3 b5 13. a4 a6 14. b3 c5 15. O-O c4
16. bxc4 bxc4 17. Ng5 Bf5 18. f3 Qa5 19. Qd2 Rb8 20. g4 hxg4 21. fxg4 Bxg5 22.
Bxg5 Be4 23. Ra3 Qb6 24. Ra2 Rh7 25. a5 Qa7 26. Qe3 Qb7 27. Bd1 Qb1 28. Rd2 Qb5
29. h5 gxh5 30. gxh5 Nf8 31. Ra2 Qb1 32. Ba4+ 1-0

[Event "M.Botvinnik Memorial 2012"]
[Site "St. Petersburg, Russia"]
[Date "2012.09.02"]
[Round "9.48"]
[White "Pasiev, Rakhim"]
[Black "Saveliev, Alexei"]
[Result "0-1"]
[WhiteElo "2325"]
[BlackElo "2081"]
[PlyCount "70"]
[EventDate "2012.08.25"]

1. e4 e6 2. d4 d5 3. Nc3 dxe4 4. Nxe4 Nd7 5. Nf3 Ngf6 6. Bg5 h6 7. Nxf6+ Nxf6
8. Bh4 c5 9. Bxf6 gxf6 10. Qd3 Bd7 11. O-O-O Qc7 12. Qb3 O-O-O 13. Bc4 Bc6 14.
d5 exd5 15. Bxd5 Qf4+ 16. Kb1 Rxd5 17. Rxd5 c4 18. Qc3 Bxd5 19. Rd1 Bxf3 20.
Rd4 Qe5 21. gxf3 Bd6 22. f4 Qe7 23. a3 Rd8 24. Qxc4+ Kb8 25. Re4 Qc7 26. Qb3
Rc8 27. h3 Bxf4 28. Qa4 Be5 29. Qb3 Qc6 30. Rh4 Qe6 31. Qf3 Rg8 32. Rg4 Rxg4
33. hxg4 Qc4 34. Qf5 a6 35. c3 Qf4 0-1

[Event "M.Botvinnik Memorial 2012"]
[Site "St. Petersburg, Russia"]
[Date "2012.09.02"]
[Round "9.49"]
[White "Khatoev, Eduard"]
[Black "Tselkovskiy, Kirill"]
[Result "1-0"]
[WhiteElo "2322"]
[BlackElo "1991"]
[PlyCount "105"]
[EventDate "2012.08.25"]

1. d4 Nf6 2. Nf3 c5 3. d5 d6 4. Nc3 g6 5. e4 Bg7 6. Be2 O-O 7. O-O Na6 8. Bf4
Nc7 9. Nd2 b6 10. a4 e6 11. Nc4 exd5 12. exd5 Nfe8 13. Ne4 Bb7 14. Ncxd6 Bxd5
15. Nxe8 Nxe8 16. Nc3 Bb7 17. Qxd8 Rxd8 18. a5 Nd6 19. axb6 axb6 20. Ra7 Bxc3
21. bxc3 Be4 22. Ra6 Bxc2 23. Rc1 Bf5 24. Rxb6 Rfe8 25. Bf1 Ne4 26. f3 Nd2 27.
Bb5 Re6 28. Rxe6 Bxe6 29. Ra1 Nb3 30. Ra7 Kg7 31. Be5+ Kh6 32. Kf2 Rd5 33. Bf4+
g5 34. Be3 Kg6 35. Bc4 Rd6 36. Bxe6 Rxe6 37. Rb7 c4 38. Rc7 f5 39. g3 Ra6 40.
Rxc4 Ra2+ 41. Kg1 Re2 42. Rc6+ Kh5 43. h3 Rxe3 44. Kf2 Rxf3+ 45. Kxf3 Nd2+ 46.
Ke3 Nf1+ 47. Kf2 Nd2 48. c4 g4 49. h4 f4 50. gxf4 Ne4+ 51. Kg2 h6 52. Re6 Nd2
53. c5 1-0

[Event "M.Botvinnik Memorial 2012"]
[Site "St. Petersburg, Russia"]
[Date "2012.09.02"]
[Round "9.50"]
[White "Belov, Nikita"]
[Black "Molchanova, Tatjana"]
[Result "1/2-1/2"]
[WhiteElo "1992"]
[BlackElo "2318"]
[PlyCount "79"]
[EventDate "2012.08.25"]

1. c4 e5 2. Nc3 Bb4 3. g3 Bxc3 4. bxc3 Nc6 5. Bg2 d6 6. Rb1 f5 7. d3 h6 8. e4
Nge7 9. exf5 Bxf5 10. Rxb7 O-O 11. Ne2 Rb8 12. Rxb8 Qxb8 13. Be3 Qb2 14. O-O
Qxa2 15. c5 Qe6 16. d4 Qc4 17. Re1 a5 18. f4 e4 19. g4 Nd5 20. Qd2 Bxg4 21.
Bxe4 Bxe2 22. Qxe2 Nxe3 23. Qxe3 Nd8 24. Bd3 Qd5 25. c4 Qh5 26. Qe4 g6 27. Kh1
Qf5 28. Qxf5 gxf5 29. cxd6 cxd6 30. Rg1+ Kf7 31. Bxf5 Ke7 32. Re1+ Kf6 33. Bh3
Kg6 34. Rg1+ Kf7 35. Ra1 Ne6 36. Rxa5 Nxf4 37. Bf5 Re8 38. Ra1 Kf6 39. Bc2 Re2
40. Bb3 1/2-1/2

[Event "M.Botvinnik Memorial 2012"]
[Site "St. Petersburg, Russia"]
[Date "2012.09.02"]
[Round "9.51"]
[White "Kabanov, Nikolai"]
[Black "Rjanova, Valery"]
[Result "1/2-1/2"]
[WhiteElo "2501"]
[BlackElo "2208"]
[PlyCount "148"]
[EventDate "2012.08.25"]

1. e4 c5 2. Nf3 g6 3. Nc3 Bg7 4. g3 Nc6 5. Bg2 Rb8 6. O-O b5 7. a3 d6 8. d3 a5
9. Nh4 Nf6 10. f4 Bd7 11. f5 Nd4 12. Ne2 b4 13. Nxd4 cxd4 14. axb4 axb4 15. b3
Qb6 16. g4 O-O 17. g5 Ne8 18. Qf3 Rc8 19. Rf2 Rc5 20. Bh3 Qc6 21. Ra2 Qc8 22.
Kg2 Qc6 23. Bd2 Rxc2 24. Rxc2 Qxc2 25. f6 Bxh3+ 26. Qxh3 exf6 27. gxf6 Nxf6 28.
Bg5 Qc5 29. Nf5 gxf5 30. Rxf5 Qc2+ 31. Rf2 Qxb3 32. Bxf6 Bxf6 33. Rxf6 Kh8 34.
Qf3 Qc2+ 35. Kh3 Qc8+ 36. Kh4 Qd7 37. Qf2 Rg8 38. Rf5 Qe7+ 39. Kh5 Rg6 40.
Qxd4+ f6 41. Qxb4 Qe8 42. Kh4 Rh6+ 43. Kg3 Qg6+ 44. Kf4 Rh4+ 45. Ke3 Qg1+ 46.
Kd2 Rxh2+ 47. Kc3 Qe1+ 48. Kc4 Rc2+ 49. Kb5 Qa1 50. Qxd6 Qb1+ 51. Ka6 Ra2+ 52.
Ra5 Rxa5+ 53. Kxa5 Kg7 54. Qd7+ Kg6 55. Qd5 h5 56. d4 Qe1+ 57. Kb6 Qf2 58. Kc6
h4 59. Qg8+ Kh5 60. Qh7+ Kg5 61. d5 Qc2+ 62. Kd6 Qc8 63. Qg7+ Kh5 64. Qf7+ Kg4
65. Qe6+ Qxe6+ 66. dxe6 h3 67. e7 h2 68. e8=Q h1=Q 69. Qb5 Kf4 70. Qf5+ Ke3 71.
Qc5+ Kf4 72. Qf5+ Ke3 73. Kd5 Qd1+ 74. Ke6 Qa1 1/2-1/2

[Event "M.Botvinnik Memorial 2012"]
[Site "St. Petersburg, Russia"]
[Date "2012.09.02"]
[Round "9.52"]
[White "Bulatov, Ramil"]
[Black "Gavrilov, Alexei"]
[Result "0-1"]
[WhiteElo "2205"]
[BlackElo "2496"]
[PlyCount "46"]
[EventDate "2012.08.25"]

1. d4 Nf6 2. c4 e6 3. Nc3 Bb4 4. Nf3 O-O 5. Bg5 c5 6. d5 h6 7. Bxf6 Qxf6 8. Rc1
exd5 9. cxd5 d6 10. e3 Bg4 11. Be2 Bxf3 12. Bxf3 b5 13. Be2 a6 14. a4 c4 15.
O-O Bxc3 16. bxc3 Nd7 17. Qd4 Nc5 18. axb5 axb5 19. Qxf6 gxf6 20. Rb1 Ra2 21.
Rfe1 Rfa8 22. Bd1 Ne4 23. Rxb5 Nxc3 0-1

[Event "M.Botvinnik Memorial 2012"]
[Site "St. Petersburg, Russia"]
[Date "2012.09.02"]
[Round "9.53"]
[White "Smirnov, Artem"]
[Black "Matsenko, Andrei"]
[Result "1-0"]
[WhiteElo "2425"]
[BlackElo "2188"]
[PlyCount "93"]
[EventDate "2012.08.25"]

1. d4 d5 2. c4 c6 3. Nf3 Nf6 4. Nc3 e6 5. e3 Nbd7 6. Qc2 Bd6 7. b3 O-O 8. Bd3
Qe7 9. Bb2 Re8 10. O-O-O e5 11. Nd2 h6 12. h3 a6 13. g4 Ba3 14. f4 Bxb2+ 15.
Kxb2 dxc4 16. Nxc4 e4 17. Be2 Nd5 18. Nxd5 cxd5 19. Nd2 b5 20. h4 Bb7 21. Qc7
Rab8 22. g5 Rec8 23. Qa5 Rc6 24. Rc1 Qd8 25. Qxd8+ Rxd8 26. Rxc6 Bxc6 27. Rc1
Nb8 28. b4 hxg5 29. hxg5 Kf8 30. Rh1 Ke7 31. Nb3 Bd7 32. Nc5 f6 33. Rh7 Rg8 34.
Rh5 Kd6 35. Kc3 Be8 36. Rh2 fxg5 37. fxg5 Rf8 38. Rh7 Rg8 39. Bg4 Bg6 40. Rh2
Rf8 41. Ne6 Rg8 42. Nf4 Be8 43. Be6 Rf8 44. Bxd5 Rxf4 45. exf4 Kxd5 46. Rh8 Bg6
47. Rd8+ 1-0

[Event "M.Botvinnik Memorial 2012"]
[Site "St. Petersburg, Russia"]
[Date "2012.09.02"]
[Round "9.54"]
[White "Zavoronkov, Vladimir"]
[Black "Manin, Viktor"]
[Result "1-0"]
[WhiteElo "2384"]
[BlackElo "2181"]
[PlyCount "117"]
[EventDate "2012.08.25"]

1. e4 e5 2. Bc4 Bc5 3. Nc3 d6 4. Nf3 Nc6 5. Na4 Nf6 6. d3 Bg4 7. c3 h6 8. h3
Bh5 9. a3 a6 10. Nxc5 dxc5 11. Be3 Nd7 12. g4 Bg6 13. b4 Nb6 14. Ba2 cxb4 15.
axb4 O-O 16. h4 Qd7 17. h5 Bh7 18. Rg1 Nc8 19. g5 hxg5 20. Rxg5 Re8 21. Ke2 Kf8
22. Qb3 f6 23. Rg3 Nd8 24. Rag1 Ne6 25. Nh4 Qf7 26. Ng6+ Bxg6 27. hxg6 Qg8 28.
Rh1 Nd6 29. Qc2 Ke7 30. Kf1 Kd7 31. d4 Rad8 32. d5 Nf4 33. c4 Kc8 34. b5 axb5
35. c5 Nc4 36. Bxc4 bxc4 37. Qa4 Nxd5 38. exd5 Qxd5 39. Rh7 Re7 40. Qc2 Kb8 41.
Rh4 e4 42. Kg2 Re6 43. Rh1 f5 44. Rg5 Re5 45. Qc3 Qe6 46. c6 bxc6 47. Rc1 Qf6
48. Bf4 Rc5 49. Qxf6 gxf6 50. Rg3 Rg8 51. Be3 f4 52. Bxf4 c3 53. Rc2 Kb7 54.
Be3 Rc4 55. g7 Kc8 56. Bh6 Rc5 57. Rgxc3 Rh5 58. Rxc6 Kd7 59. Rxf6 1-0

[Event "M.Botvinnik Memorial 2012"]
[Site "St. Petersburg, Russia"]
[Date "2012.09.02"]
[Round "9.56"]
[White "Barhudarian, Rafael"]
[Black "Zizlova, Sofia"]
[Result "1/2-1/2"]
[WhiteElo "2320"]
[BlackElo "2135"]
[PlyCount "144"]
[EventDate "2012.08.25"]

1. Nc3 c5 2. Nf3 Nf6 3. d4 cxd4 4. Nxd4 g6 5. e4 d6 6. f4 Nc6 7. Bb5 Bd7 8.
Nxc6 bxc6 9. Bc4 Qc7 10. Qe2 Bg4 11. Qe3 Bc8 12. h3 Nd7 13. Qd4 e5 14. Qf2 Bg7
15. Be3 exf4 16. Bxf4 Ne5 17. Bb3 O-O 18. O-O-O Be6 19. Qd2 Bxb3 20. axb3 Rad8
21. Kb1 Rd7 22. Rhf1 a5 23. Bh6 Re8 24. Bxg7 Kxg7 25. g4 h6 26. Qd4 Qd8 27. Na4
Re6 28. Qc3 Qe7 29. Rd2 Kh7 30. Qg3 Qd8 31. Rdf2 Kg7 32. h4 Qc7 33. Qh3 Qa7 34.
Qc3 Kg8 35. Rg2 Kh7 36. Rg3 Kg7 37. Qd2 Rd8 38. Rg2 Rd7 39. Qc3 Rd8 40. Rd1 Rd7
41. Rgd2 Kh7 42. Qg3 Kg7 43. Rxd6 Rdxd6 44. Rxd6 Qe7 45. Rxe6 Qxe6 46. g5 Qe7
47. gxh6+ Kxh6 48. Nc3 Qf6 49. Ka2 Nf3 50. e5 Nxe5 51. Ne4 Qe7 52. Qf4+ Kg7 53.
h5 gxh5 54. Ng3 Kf8 55. Nxh5 Qe6 56. Qg5 Qd6 57. Ng3 Ke8 58. Nf5 Qc5 59. Kb1
Kd7 60. Qf6 Kc7 61. Qg7 Qd5 62. Ne3 Qe6 63. Qg8 Qg6 64. Qxg6 fxg6 65. Kc1 Kd6
66. Kd2 g5 67. Nf5+ Ke6 68. Ng3 Kd5 69. Ke3 Ng4+ 70. Kf3 Ne5+ 71. Ke3 Ng4+ 72.
Kf3 Ne5+ 1/2-1/2

[Event "M.Botvinnik Memorial 2012"]
[Site "St. Petersburg, Russia"]
[Date "2012.09.02"]
[Round "9.57"]
[White "Pimenov, Revolt"]
[Black "Serrano Salvador, Eduardo"]
[Result "0-1"]
[WhiteElo "2186"]
[BlackElo "2319"]
[PlyCount "50"]
[EventDate "2012.08.25"]

1. Nf3 d5 2. d4 Nf6 3. c4 c6 4. e3 e6 5. b3 Nbd7 6. Bd3 Ne4 7. Nfd2 f5 8. O-O
Bd6 9. Qh5+ g6 10. Qh6 Bf8 11. Qh3 Ndf6 12. f3 Ng5 13. Qh4 Nf7 14. Bb2 Bh6 15.
Re1 O-O 16. Nf1 Kh8 17. Nbd2 g5 18. Qg3 g4 19. fxg4 Nxg4 20. e4 Rg8 21. exd5
exd5 22. Qh3 f4 23. Qh5 Qf8 24. Ba3 Qg7 25. Nf3 Nf6 0-1

[Event "M.Botvinnik Memorial 2012"]
[Site "St. Petersburg, Russia"]
[Date "2012.09.02"]
[Round "9.58"]
[White "Martynov, Pavel"]
[Black "Kuzmin, Egor"]
[Result "1-0"]
[WhiteElo "2289"]
[BlackElo "2134"]
[PlyCount "71"]
[EventDate "2012.08.25"]

1. Nf3 Nf6 2. g3 g6 3. Bg2 Bg7 4. O-O O-O 5. c4 d6 6. d4 c5 7. Nc3 cxd4 8. Nxd4
Nc6 9. Nxc6 bxc6 10. Bxc6 Rb8 11. Bg2 Qa5 12. Nb5 Bd7 13. Bd2 Qa6 14. a4 Ng4
15. Rb1 Qc8 16. b3 a6 17. Nc3 Ne5 18. Nd5 Re8 19. Bg5 Nc6 20. Qd2 a5 21. Rfc1
Bf5 22. e4 Bh3 23. f3 Bd4+ 24. Be3 Bxg2 25. Kxg2 Bc5 26. Qc3 Rb7 27. Rd1 Qe6
28. Nf4 Qe5 29. Qe1 Bb4 30. Qf2 Qg7 31. Nd5 Reb8 32. f4 Ba3 33. f5 Qe5 34. Qc2
Nb4 35. Nxb4 Bxb4 36. Bd4 1-0

[Event "M.Botvinnik Memorial 2012"]
[Site "St. Petersburg, Russia"]
[Date "2012.09.02"]
[Round "9.59"]
[White "Gladkov, Kirill"]
[Black "Solovyov, Viktor"]
[Result "0-1"]
[WhiteElo "2158"]
[BlackElo "2278"]
[PlyCount "186"]
[EventDate "2012.08.25"]

1. c4 e6 2. Nf3 Nf6 3. d4 d5 4. g3 dxc4 5. Qa4+ c6 6. Qxc4 b5 7. Qc2 Bb7 8. Bg2
Nbd7 9. O-O c5 10. Nc3 a6 11. Be3 Rc8 12. dxc5 Bxc5 13. Bxc5 Nxc5 14. Rfd1 Qb6
15. Qd2 b4 16. Nb1 Ke7 17. Qe1 a5 18. Nbd2 Na4 19. b3 Nc3 20. Rdc1 Ba6 21. Bf1
Rhd8 22. Ne5 Rd5 23. Nec4 Qc7 24. e4 Rc5 25. a3 Bxc4 26. bxc4 Qe5 27. axb4 axb4
28. Nb3 R5c7 29. f3 Nd7 30. Ra5 Nc5 31. Qe3 Qd6 32. e5 Qb6 33. Rca1 Nd7 34.
Qxb6 Nxb6 35. c5 Nd7 36. Ra7 Nxe5 37. Kf2 Nd7 38. Ke3 Kf6 39. Rxc7 Rxc7 40. Ra5
g5 41. f4 gxf4+ 42. gxf4 Nd5+ 43. Ke4 Ke7 44. Bc4 N7f6+ 45. Kf3 Nc3 46. Bd3 Rd7
47. Bc2 h6 48. Ra8 Nb5 49. Rb8 Nd4+ 50. Nxd4 Rxd4 51. Rb7+ Kf8 52. c6 Rc4 53.
c7 Rc3+ 54. Bd3 Ne8 55. Rb8 Rxc7 56. Bb5 Re7 57. Kg4 b3 58. f5 b2 59. Bxe8 Rxe8
60. Rxb2 Kg7 61. fxe6 fxe6 62. Kh5 Rf8 63. Rg2+ Kh7 64. Re2 Rf6 65. Kg4 Kg6 66.
Re5 Kf7 67. Ra5 Rf2 68. Rh5 Rg2+ 69. Kf3 Rg6 70. Kf4 Kf6 71. Ke4 Kg7 72. Ke5
Rg2 73. Kxe6 Kg6 74. Rh3 Re2+ 75. Kd5 Kg5 76. Kd4 h5 77. Kd3 Ra2 78. Ke4 h4 79.
Rb3 Rxh2 80. Rb1 Rf2 81. Ke3 Rf8 82. Rb7 Kg4 83. Ke2 Kg3 84. Rg7+ Kh2 85. Ke1
h3 86. Ke2 Rf6 87. Rg4 Ra6 88. Kf2 Ra1 89. Rf4 Ra2+ 90. Kf1 Kg3 91. Rf8 Ra1+
92. Ke2 h2 93. Rg8+ Kf4 0-1

[Event "M.Botvinnik Memorial 2012"]
[Site "St. Petersburg, Russia"]
[Date "2012.09.02"]
[Round "9.60"]
[White "Eryshkanova, Anastasiya"]
[Black "Vunder, Andrey"]
[Result "1/2-1/2"]
[WhiteElo "2142"]
[BlackElo "2248"]
[PlyCount "81"]
[EventDate "2012.08.25"]

1. g3 d5 2. Bg2 Nf6 3. Nf3 c5 4. d4 e6 5. c4 Nc6 6. cxd5 exd5 7. O-O Be7 8.
dxc5 Bxc5 9. a3 O-O 10. b4 Be7 11. Nc3 a6 12. Bb2 Bg4 13. Re1 Qd7 14. Rc1 Rad8
15. Na4 d4 16. Nc5 Bxc5 17. Rxc5 Rfe8 18. Qc1 Ne4 19. Ne5 Nxe5 20. Bxe4 d3 21.
Bxd3 Nxd3 22. exd3 Bf3 23. Rxe8+ Rxe8 24. Re5 Rxe5 25. Bxe5 f6 26. Qe3 Bc6 27.
Bd4 Kf7 28. Bc5 Qd5 29. Qe7+ Kg6 30. Qe4+ Qxe4 31. dxe4 Bxe4 32. f4 Kf5 33. h4
g5 34. hxg5 fxg5 35. fxg5 Kxg5 36. Kf2 h5 37. a4 Bc6 38. a5 Kg4 39. Bd6 Bd5 40.
Bc5 Bc6 41. Bd6 1/2-1/2

[Event "M.Botvinnik Memorial 2012"]
[Site "St. Petersburg, Russia"]
[Date "2012.09.02"]
[Round "9.61"]
[White "Bronnikova, Elizaveta"]
[Black "Ivanov, Sergei V"]
[Result "1-0"]
[WhiteElo "2238"]
[BlackElo "2108"]
[PlyCount "67"]
[EventDate "2012.08.25"]

1. e4 g6 2. d4 Bg7 3. Nc3 d6 4. Be3 Nd7 5. f3 b6 6. Qd2 c5 7. d5 a6 8. a4 Ne5
9. h3 f5 10. f4 Nf7 11. exf5 gxf5 12. Nf3 Nf6 13. Bd3 Bd7 14. Ng5 Qc8 15. O-O
h6 16. Nf3 O-O 17. Nh4 c4 18. Be2 b5 19. axb5 axb5 20. Bf3 Kh7 21. Ne2 Rb8 22.
Nd4 Nd8 23. c3 Nb7 24. Qc2 Ng8 25. Ndxf5 Rxf5 26. Be4 Nc5 27. Bxc5 Qxc5+ 28.
Kh1 Rbf8 29. Bxf5+ Bxf5 30. Nxf5 Qxd5 31. Nxe7+ Qd3 32. Qxd3+ cxd3 33. Nxg8
Kxg8 34. Rad1 1-0

[Event "M.Botvinnik Memorial 2012"]
[Site "St. Petersburg, Russia"]
[Date "2012.09.02"]
[Round "9.62"]
[White "Yakupova, Aysyla"]
[Black "Andrenko, Irina"]
[Result "0-1"]
[WhiteElo "2116"]
[BlackElo "2228"]
[PlyCount "78"]
[EventDate "2012.08.25"]

1. e4 g6 2. d4 Bg7 3. Nc3 d6 4. g3 Nd7 5. Bg2 Ngf6 6. Nge2 O-O 7. O-O c5 8. d5
a6 9. a4 b6 10. h3 Rb8 11. g4 b5 12. axb5 axb5 13. Ng3 Ne8 14. f4 e6 15. dxe6
fxe6 16. g5 b4 17. Nce2 Nb6 18. Kh1 Bb7 19. Ng1 Ra8 20. Rxa8 Qxa8 21. Qg4 Nc7
22. Rd1 Nc8 23. Qe2 Bc6 24. Nf3 Nb5 25. e5 d5 26. h4 Ne7 27. Kh2 Nf5 28. Nxf5
exf5 29. Qf2 d4 30. Rg1 Nc7 31. c3 dxc3 32. Qxc5 Ne6 33. Qe3 cxb2 34. Bxb2 Qa2
35. Bc1 Rc8 36. Nd4 Nxd4 37. Qxd4 Be4 38. Bb2 Rc2 39. Kg3 Qb3+ 0-1

[Event "M.Botvinnik Memorial 2012"]
[Site "St. Petersburg, Russia"]
[Date "2012.09.02"]
[Round "9.63"]
[White "Kharmunova, Nadezhda"]
[Black "Dushin, Nikolay"]
[Result "1-0"]
[WhiteElo "2219"]
[BlackElo "1998"]
[PlyCount "47"]
[EventDate "2012.08.25"]

1. d4 Nf6 2. c4 e6 3. Nc3 Bb4 4. Nf3 d5 5. Bg5 h6 6. Bh4 c5 7. e3 Qa5 8. Bxf6
Bxc3+ 9. bxc3 Qxc3+ 10. Nd2 gxf6 11. Rc1 Qa5 12. cxd5 Na6 13. Bc4 cxd4 14. dxe6
dxe3 15. exf7+ Ke7 16. fxe3 Rd8 17. O-O Qg5 18. Qf3 Nc5 19. Ne4 Nxe4 20. Qxe4+
Kf8 21. Qh7 Bd7 22. Rcd1 Bc6 23. Qg8+ Ke7 24. f8=Q+ 1-0

[Event "M.Botvinnik Memorial 2012"]
[Site "St. Petersburg, Russia"]
[Date "2012.09.02"]
[Round "9.64"]
[White "Pershin, Denis"]
[Black "Zimmermann, Ulrich"]
[Result "1/2-1/2"]
[WhiteElo "2103"]
[BlackElo "2219"]
[PlyCount "48"]
[EventDate "2012.08.25"]

1. e4 e5 2. Nf3 Nc6 3. Bc4 Bc5 4. c3 Nf6 5. d4 exd4 6. b4 Be7 7. e5 Ne4 8. b5
d5 9. exd6 Nxd6 10. bxc6 Nxc4 11. cxb7 Bxb7 12. Qa4+ Qd7 13. Qxc4 Bxf3 14. gxf3
dxc3 15. Nxc3 O-O 16. O-O Bf6 17. Bb2 Qf5 18. Rab1 Rab8 19. Qe4 Qa5 20. Qc2
Qg5+ 21. Kh1 Qh5 22. Kg2 Qg5+ 23. Kh1 Qh5 24. Kg2 Qg5+ 1/2-1/2

[Event "M.Botvinnik Memorial 2012"]
[Site "St. Petersburg, Russia"]
[Date "2012.09.02"]
[Round "9.65"]
[White "Bogachkova, Alena"]
[Black "Akkozov, Berik"]
[Result "0-1"]
[WhiteElo "2086"]
[BlackElo "2401"]
[PlyCount "120"]
[EventDate "2012.08.25"]

1. e4 c5 2. Nf3 d6 3. d4 Nf6 4. Nc3 cxd4 5. Nxd4 a6 6. Be3 Ng4 7. Bc1 Nc6 8.
Nxc6 bxc6 9. Be2 Nf6 10. O-O e5 11. Kh1 Be7 12. f4 Qc7 13. Qd3 O-O 14. f5 a5
15. Qg3 Kh8 16. Bf3 Bb7 17. Bg5 a4 18. a3 Rfd8 19. Rad1 Qb6 20. Bc1 Qc7 21. Bg5
h6 22. Bh4 Ba6 23. Rfe1 Bc4 24. Be2 Bxe2 25. Rxe2 Rdb8 26. Rb1 Rb7 27. Qd3 Qa5
28. Qc4 d5 29. Qxc6 Rc7 30. Qb5 Qxb5 31. Nxb5 Rb7 32. Bxf6 gxf6 33. Nc3 d4 34.
Nd5 Bxa3 35. b4 Bxb4 36. Rxb4 Rxb4 37. Nxb4 Rb8 38. c3 dxc3 39. Nc2 Rb2 40. Kg1
a3 41. Kf2 a2 42. Na1 Rb1 43. Re1 c2 44. Nxc2 Rb2 45. Rd1 Kg7 46. Kf3 Rxc2 47.
Ra1 h5 48. h3 Kh6 49. Kg3 Kg5 50. h4+ Kh6 51. Kh3 Re2 52. Kg3 Re3+ 53. Kf2 Rxe4
54. Rxa2 Rxh4 55. Ra7 Rf4+ 56. Ke3 Kg7 57. Ra1 Rxf5 58. Rh1 Kg6 59. Rh4 Kg5 60.
g3 Rf1 0-1